Les nostres monges / (Record no. 176522)

MARC details
000 -LEADER
campo de control de longitud fija 00668nam a22002295i 4500
001 - NÚMERO DE CONTROL
campo de control 176522
003 - IDENTIFICADOR DE NÚMERO DE CONTROL
campo de control ES-MaACL
005 - FECHA Y HORA DE LA ÚLTIMA TRANSACCIÓN
campo de control 20230906220116.0
008 - DATOS DE LONGITUD FIJA--INFORMACIÓN GENERAL
campo de control de longitud fija 110120s1967 sp |||| | cat d
080 ## - NÚMERO DE LA CLASIFICACIÓN DECIMAL UNIVERSAL
Número de la Clasificación Decimal Universal 27-725
245 04 - MENCIÓN DEL TÍTULO
Título Les nostres monges /
Mención de responsabilidad, etc. Jaume Lores ... [et al.].
260 ## - PUBLICACIÓN, DISTRIBUCIÓN, ETC.
Lugar de publicación, distribución, etc. Barcelona :
Nombre del editor, distribuidor, etc. Editorial Franciscana,
Fecha de publicación, distribución, etc. 1967.
300 ## - DESCRIPCIÓN FÍSICA
Extensión 158 p. ;
Dimensiones 19 cm.
490 1# - MENCIÓN DE SERIE
Mención de serie Critèrion ;
Designación de volumen o secuencia 33
504 ## - NOTA DE BIBLIOGRAFÍA, ETC.
Nota de bibliografía, etc. Bibliografía: p. 145-158.
546 ## - NOTA DE IDIOMA
Nota de lengua/lenguaje Texto en catalán.
650 04 - PUNTO DE ACCESO ADICIONAL DE MATERIA--TÉRMINO DE MATERIA
Término de materia o nombre geográfico como elemento de entrada Religiosos.
9 (RLIN) 16837
700 0# - ENTRADA AGREGADA--NOMBRE PERSONAL
Nombre de persona Lorés, Jaume.
9 (RLIN) 144816
830 0# - PUNTO DE ACCESO ADICIONAL DE SERIE-TÍTULO UNIFORME
Título uniforme Critèrion ;
Designación de volumen o secuencia 33
9 (RLIN) 190117
852 ## - LOCALIZACIÓN
Ubicación ES-MaACL
Número de control de estantería E-14120
Encuadernación Olim P-735
Holdings
Estatus retirado Estado de pérdida Estado de daño No para préstamo Biblioteca de origen Biblioteca actual Ubicación en estantería Fecha de adquisición Fuente de adquisición Total de préstamos Signatura topográfica completa Código de barras Visto por última vez Precio de reemplazo Tipo de ítem Koha
        Biblioteca del Ateneo de Madrid Biblioteca del Ateneo de Madrid Depósito 2 20/01/2011     E-14120 1185383 23/02/2023 23/02/2023 Libro impreso